ბათუმის შოთა რუსთაველის სახელმწიფო უნივერსიტეტის ბიბლიოთეკა

რეგიონული საინვესტიციო პროცესების რეგულირების საფინანსო - ეკონომიკური მექანიზმი : დისერტაცია / (ბიბ.ჩანაწერი № 51671)

000 -ლიდერი
ფიქსირებული სიგრძის საკონტროლო ველი 01570nam a2200241Ia 4500
001 - საკონტროლო ნომერი
საკონტროლო ველი 18662
003 - საკონტროლო ნომრის იდენტიფიკატორი
საკონტროლო ველი GE_BSU
005 - ბოლო ოპერაციის თარიღი და დრო
საკონტროლო ველი 20220920110518.0
008 - ფიქსირებული სიგრძის მონაცემთა ელემენტები - ზოგადი ინფორმაცია
ფიქსირებული სიგრძის საკონტროლო ველი 181216s2012||||ge |||||||||||||| ||geo||
040 ## - კატალოგიზაციის წყარო
Transcribing agency GE_BSU
041 ## - ენის კოდი
Language code of text/sound track or separate title geo
080 ## - უნივერსალური ათობითი კლასიფიკაციის ინდექსი
Universal Decimal Classification number 33 ც-63
100 ## - მთავარი ჩანაწერი - პიროვნების სახელი
Personal name ცინარიძე, რამინ
9 (RLIN) 6020
245 ## - ცნობა სათაურის შესახებ
Title რეგიონული საინვესტიციო პროცესების რეგულირების საფინანსო - ეკონომიკური მექანიზმი : დისერტაცია /
Statement of responsibility, etc რამინ ცინარიძე; სამეცნიერო ხელმძღვანელი ვლ. ღლონტი; ბათუმის შოთა რუსთაველის სახელმწიფო უნივერსიტეტი.
264 ## - წარმოების, გამოცემის, დისტრიბუციის და სხვა ცნობები
გამოცემის, წარმოების, დისტრიბუციის... ადგილი ბათუმი,
გამოცემის, წარმოების, დისტრიბუციის... თარიღი 2012.
300 ## - ფიზიკური აღწერა
Extent 214 გვ. ;
Other physical details 30 სმ.
653 ## - INDEX TERM--UNCONTROLLED
Uncontrolled term დისერტაცია
653 ## - INDEX TERM--UNCONTROLLED
Uncontrolled term ეკონომიკა
653 ## - INDEX TERM--UNCONTROLLED
Uncontrolled term რეგიონული საინვესტიციო პროცესების რეგულირების საფინანსო -ეკონომიკური მექანიზმი
700 ## - ADDED ENTRY--PERSONAL NAME
Personal name ღლონტი, ვლ.
Relator term სამეცნიერო ხელმძღვანელი
9 (RLIN) 11652
710 ## - ADDED ENTRY--CORPORATE NAME
Corporate name or jurisdiction name as entry element ბათუმის შოთა რუსთაველის სახელმწიფო უნივერსიტეტი.
9 (RLIN) 11726
942 ## - ADDED ENTRY ELEMENTS (KOHA)
Koha item type წიგნი
Source of classification or shelving scheme
ეგზემპლარები
ჩამოწერის სტატუსი დაკარგული ეგზემპლარის სტატუსი კლასიფიკაციის წყარო ან თაროზე გაწყობის სქემა დაზიანების სტატუსი არ გაიცემა მუდმივი მდებარეობა (დაცვის ადგილი) ამჟამინდელი ადგილსამყოფელი შეძენის თარიღი სრული შენახვის შიფრი შტრიხკოდი ბოლო ოპერაციის თარიღი ეგზემპლარის მიმდევრობითი ნომერი (კეტერი?) ფასის ძალაში შესვლის თარიღი ეგზემპლარის სახეობა
        შიდა ფონდი ბათუმის შოთა რუსთაველის სახელმწიფო უნივერსიტეტის მთავარი ბიბლიოთეკა ბათუმის შოთა რუსთაველის სახელმწიფო უნივერსიტეტის მთავარი ბიბლიოთეკა 2018-12-17 33 ც-63 83 დისერტ. 2018-12-17 83 2018-12-17 დისერტაცია